Implementing FIPS 140-2 (tamper resistance) standard using FPGA / (Record no. 217238)
[ view plain ]
| 000 -LEADER | |
|---|---|
| fixed length control field | 00800 a2200193 4500 |
| 003 - CONTROL NUMBER IDENTIFIER | |
| control field | NUST |
| 005 - DATE AND TIME OF LATEST TRANSACTION | |
| control field | 20251218165910.0 |
| 040 ## - CATALOGING SOURCE | |
| Transcribing agency | Nust |
| 082 ## - DEWEY DECIMAL CLASSIFICATION NUMBER | |
| Classification number | 621.382,BAQ |
| 100 ## - MAIN ENTRY--PERSONAL NAME | |
| Personal name | Baqar, NC Romaila (TE-48) |
| 9 (RLIN) | 132483 |
| 245 ## - TITLE STATEMENT | |
| Title | Implementing FIPS 140-2 (tamper resistance) standard using FPGA / |
| Statement of responsibility, etc. | NC Romaila Baqar, PC Sara Farrukh , NC Mamoona Shah and NC Rao Ahmad Rahil |
| 260 ## - PUBLICATION, DISTRIBUTION, ETC. | |
| Place of publication, distribution, etc. | Rawalpindi |
| Name of publisher, distributor, etc. | MCS (NUST) |
| Date of publication, distribution, etc. | June-2015 |
| 300 ## - PHYSICAL DESCRIPTION | |
| Extent | xi, 58 p.: |
| 505 ## - FORMATTED CONTENTS NOTE | |
| Formatted contents note | Introduction (Page-2), Literature Review (Page-7), Design and Development (Page-10), Project Analysis and Evaluation (Page-30), Recommendation for Future Work (Page-47), Conclusion (Page-49). |
| 650 ## - SUBJECT ADDED ENTRY--TOPICAL TERM | |
| Topical term or geographic name entry element | UG Project |
| 9 (RLIN) | 131132 |
| 651 ## - SUBJECT ADDED ENTRY--GEOGRAPHIC NAME | |
| Geographic name | TE-48 |
| 700 ## - ADDED ENTRY--PERSONAL NAME | |
| Personal name | Supervised by Asst. Prof. Muhammad Waseem Iqbal |
| 9 (RLIN) | 132484 |
| 942 ## - ADDED ENTRY ELEMENTS (KOHA) | |
| Koha item type | Project Report |
| Source of classification or shelving scheme | |
| Withdrawn status | Lost status | Source of classification or shelving scheme | Damaged status | Not for loan | Permanent Location | Current Location | Shelving location | Date acquired | Full call number | Barcode | Date last seen | Price effective from | Koha item type | Public note |
|---|---|---|---|---|---|---|---|---|---|---|---|---|---|---|
| Military College of Signals (MCS) | Military College of Signals (MCS) | Reference | 12/12/2016 | 621.382,BAQ | MCSPTC-251 | 12/08/2016 | 12/12/2016 | Project Report | Almirah No. 94, Shelf No. 5 |
